[Event "94th Tradewise Hastings Congress"]
[Site "Hastings"]
[Date "2018.12.30"]
[Round "3"]
[White "Gu, In Jung"]
[Black "Byrn, Carsten"]
[Result "1-0"]
[WhiteElo "1794"]
[BlackElo "1959"]
[Annotator "NA"]
[PlyCount "67"]
[EventDate "2018.12.28"]
[EventType "swiss"]
[EventCountry "ENG"]
[SourceTitle "playchess.com"]
[Source "ChessBase"]
[SourceQuality "1"]
[TimeControl "40/6000+30:3000+30"]

1. e4 {[%emt 1:29:53]} c5 {[%emt 0:34:11]} 2. Nf3 {[%emt 0:00:30]} e6 {[%emt 0:00:30]} 3. d3 {[%emt 0:00:30]} b5 {[%emt 0:00:30]} 4. g3 {[%emt 0:00:30]} Bb7 {[%emt 0:00:30]} 5. Bg2 {[%emt 0:00:30]} a6 {[%emt 0:00:30]} 6. O-O {[%emt 0:00:30]} d6 {[%emt 0:00:30]} 7. Qe2 {[%emt 0:00:30]} Qc7 {[%emt 0:00:30]} 8. a4 {[%emt 0:00:30]} b4 {[%emt 0:00:30]} 9. Nbd2 {[%emt 0:00:30]} Nd7 {[%emt 0:00:30]} 10. b3 {[%emt 0:00:30]} Ngf6 {[%emt 0:00:30]} 11. Bb2 {[%emt 0:00:30]} e5 {[%emt 0:00:30]} 12. Nh4 {[%emt 0:00:30]} g6 {[%emt 0:00:30]} 13. f4 {[%emt 0:00:30]} Bg7 {[%emt 0:00:30]} 14. fxe5 {[%emt 0:00:30]} dxe5 {[%emt 0:00:30]} 15. Nc4 {[%emt 0:00:30]} O-O {[%emt 0:00:30]} 16. Bh3 {[%emt 0:00:30]} Rfe8 {[%emt 0:00:30]} 17. Rf2 {[%emt 0:00:30]} Nh5 {[%emt 0:00:30]} 18. Bxd7 {[%emt 0:00:30]} Qxd7 {[%emt 0:00:30]} 19. Nb6 {[%emt 0:00:30]} Qe6 {[%emt 0:00:30]} 20. Nxa8 {[%emt 0:00:30]} Rxa8 {[%emt 0:00:30]} 21. Raf1 {[%emt 0:00:30]} f6 {[%emt 0:00:30]} 22. Bc1 {[%emt 0:00:30]} Bc8 {[%emt 0:00:30]} 23. Nf5 {[%emt 0:00:30]} gxf5 {[%emt 0:00:30]} 24. Qxh5 {[%emt 0:00:30]} fxe4 {[%emt 0:00:30]} 25. dxe4 {[%emt 0:00:30]} Bb7 {[%emt 0:00:30]} 26. Bh6 {[%emt 0:00:30]} Bxe4 {[%emt 0:00:30]} 27. Bxg7 {[%emt 0:00:30]} Kxg7 {[%emt 0:00:30]} 28. Rxf6 {[%emt 0:00:30]} Qxf6 {[%emt 0:00:30]} 29. Rxf6 {[%emt 0:00:30]} Kxf6 {[%emt 0:00:30]} 30. Qh4+ {[%emt 0:00:30]} Kf5 {[%emt 0:00:30]} 31. Qxh7+ {[%emt 0:00:30]} Kf6 {[%emt 0:00:30]} 32. Qxe4 {[%emt 0:00:30]} Re8 {[%emt 0:00:30]} 33. h4 {[%emt 0:00:30]} Rg8 {[%emt 0:00:30]} 34. g4 {[%emt 0:00:30]} 1-0

[Event "94th Tradewise Hastings Congress"]
[Site "Hastings"]
[Date "2018.12.31"]
[Round "4"]
[White "Korneev, Oleg"]
[Black "Willow, Jonah B"]
[Result "1/2-1/2"]
[WhiteElo "2550"]
[BlackElo "2218"]
[Annotator "TA"]
[PlyCount "177"]
[EventDate "2018.12.28"]
[EventType "swiss"]
[EventCountry "ENG"]
[SourceTitle "playchess.com"]
[Source "ChessBase"]
[SourceQuality "1"]

{[%evp 21,177,17,22,0,14,22,41,39,47,46,57,57,60,57,69,18,12,9,12,10,54,52,94,20,22,31,27,0,0,0,0,0,27,25,27,20,20,14,16,12,20,20,29,19,34,20,27,20,24,22,27,19,31,28,28,28,28,28,28,28,29,29,58,44,135,54,135,0,127,68,87,0,0,0,0,0,0,0,0,0,0,0,0,0,0,0,0,0,0,0,0,0,0,0,0,0,0,0,0,0,0,0,0,0,0,0,0,0,0,0,0,0,0,0,0,0,0,0,0,0,0,0,0,-8,0,0,0,0,0,0,0,0,0,0,0,0,0,0,0,0,0,0,0,0,0,0,0,0,0,0,0,0,0,0,0,0,0,0]} 1. e4 c5 2. Nf3 e6 3. c3 d5 4. exd5 Qxd5 5. d4 Nf6 6. Be3 cxd4 7. cxd4 Bb4+ 8. Nc3 {B22: Sicilian: 2 c3} Bd7 (8... O-O 9. Be2 Nc6 10. O-O Qd8 11. Qb3 {½-½ (11) Yudin,S (2526)-Fier,A (2558) Almaty 2018}) 9. Be2 O-O 10. O-O Bxc3 11. bxc3 {[%cal Bb2c3,Bc3c4][%mdl 32]} Bb5 $1 {LiveBook: 10 Games} 12. a4 Bxe2 13. Qxe2 Nbd7 14. c4 $146 ({Predecessor:} 14. Rfc1 Rac8 15. Qb5 Nb6 {0-1 (59) Schneider,V (2238)-Balazs,G (2249) Budapest 2007}) 14... Qc6 15. h3 Rfc8 16. Rfc1 h6 17. a5 b6 18. a6 (18. Qd3 $14) 18... Qe4 $11 19. Nd2 {[%cal Bf3d2,Bd2b1,Bb1a3][%mdl 32]} Qf5 20. Nb1 Ne4 21. Na3 $1 Nd6 22. Qg4 (22. c5 $1 $16 {[%cal Rc5d6]} bxc5 23. dxc5 Nxc5 24. Nb5) 22... Nf6 23. Qf4 Rc6 24. Qxf5 (24. g4 {keeps more tension.} Qxf4 25. Bxf4 g5 26. Be3 Kg7 27. f3) 24... Nxf5 25. g4 Nxe3 26. fxe3 Ne4 27. Nb5 Nd6 28. Nxd6 Rxd6 {[%mdl 4096] Endgame KRR-KRR} 29. Kf2 Rc8 30. Ke2 Rdc6 31. Kd3 Kf8 32. Rab1 R8c7 33. Rb5 Ke7 34. h4 Kd6 35. g5 hxg5 36. hxg5 f6 37. gxf6 gxf6 38. Rh5 f5 39. Rh8 Rc8 40. Rxc8 Rxc8 {KR-KR} 41. Rh1 Rc7 $1 42. Rh6 Re7 {[#]} (42... Rg7 $14) 43. Rg6 ({Better is} 43. Rf6 $1 $16) 43... Kd7 ({Black should play} 43... Rh7 $14) 44. Rh6 Kd6 {[#]} 45. Kc3 (45. Rf6 $1 $16) 45... Kd7 46. Kb4 (46. Rg6 $16) 46... e5 $1 {The position is equal.} 47. Kc3 exd4+ 48. Kxd4 Re4+ 49. Kd3 Re5 50. Rh8 Re7 51. Rh6 Re6 52. Rh5 Re5 53. Rh4 Kd6 54. Kd4 Re7 55. Rh6+ Re6 56. Rh8 Re4+ 57. Kd3 Re7 58. Rf8 Ke6 59. Rb8 Kd6 60. Rd8+ Rd7 61. Rc8 Re7 62. Rf8 Ke6 63. Kc3 Rf7 64. Ra8 Kd6 65. Rd8+ Kc6 66. Rc8+ Kd6 67. Rh8 Re7 68. Kd4 Re4+ 69. Kd3 Re7 70. Rh5 Re5 71. Rg5 Ra5 72. Kd4 Re5 73. Rg6+ Re6 74. Rg8 Re4+ 75. Kd3 Re7 76. Rh8 Kd7 77. Ra8 Kd6 78. Rb8 Rd7 79. Kc3 Rf7 80. Kb4 Re7 81. Rd8+ Kc6 82. Rf8 Rxe3 83. Rf6+ Kd7 84. Rxf5 Re7 85. Kb5 Kc7 86. Rf8 Re5+ 87. Kb4 Ra5 88. Rf7+ Kb8 89. Rf8+ {Accuracy: White = 61%, Black = 67%.} 1/2-1/2

[Event "94th Tradewise Hastings Congress"]
[Site "Hastings"]
[Date "2018.12.31"]
[Round "4"]
[White "Petrov, Martin"]
[Black "Hawkins, Jonathan"]
[Result "1/2-1/2"]
[WhiteElo "2472"]
[BlackElo "2583"]
[Annotator "TA"]
[PlyCount "31"]
[EventDate "2018.12.28"]
[EventType "swiss"]
[EventCountry "ENG"]
[SourceTitle "playchess.com"]
[Source "ChessBase"]
[SourceQuality "1"]

{[%evp 24,31,0,-4,11,2,27,18,22,28]} 1. e4 e5 2. Nf3 Nc6 3. Bc4 Bc5 4. c3 Nf6 5. d4 exd4 6. e5 d5 7. Bb5 Ne4 8. cxd4 Bb6 9. Be3 {C54: Giuoco Piano: 4 c3 Nf6, main lines with 5 d4 and 5 d3} O-O 10. Nc3 Bg4 11. h3 Bh5 12. O-O (12. Qc2 Bg6 13. Qb3 Ne7 14. O-O c6 15. Bd3 Kh8 16. Nh4 c5 17. Nxg6+ fxg6 18. Bxe4 cxd4 19. Nxd5 Nxd5 {1-0 (51) Jones,G (2677)-Aronian,L (2780) Douglas 2018}) 12... f6 13. exf6 {LiveBook: 9 Games} Rxf6 14. Be2 Nxc3 $146 ({Predecessor:} 14... Qd6 15. Rc1 Nxc3 16. bxc3 Raf8 17. Re1 a6 {½-½ (26) Schenning,A (2100)-Husemann,A (1880) LSS email 2012}) 15. bxc3 {And now Bg5 would win.} Qd6 16. Bg5 1/2-1/2

[Event "94th Tradewise Hastings Congress"]
[Site "Hastings"]
[Date "2018.12.31"]
[Round "4"]
[White "Leenhouts, Koen"]
[Black "Stefansson, Vignir Vatnar"]
[Result "1-0"]
[WhiteElo "2470"]
[BlackElo "2266"]
[Annotator "TA"]
[PlyCount "93"]
[EventDate "2018.12.28"]
[EventType "swiss"]
[EventCountry "ENG"]
[SourceTitle "playchess.com"]
[Source "ChessBase"]
[SourceQuality "1"]

{[%evp 17,93,56,52,14,58,54,69,54,33,53,37,0,0,-12,0,6,20,4,99,35,61,39,75,35,82,90,85,58,60,68,118,7,14,-62,-54,-65,-63,-62,-72,-69,-68,-79,-67,-66,0,-33,-28,-35,-38,-34,-54,-45,-58,-59,0,0,0,0,0,0,0,-11,0,0,0,0,275,275,277,277,269,266,259,261,258,261,255,252]} 1. d4 f5 2. e4 fxe4 3. Nc3 Nf6 4. Bg5 Nc6 5. d5 Ne5 6. Qe2 c6 {A83: Dutch Defence: Staunton Gambit with 3 Nc3 Nf6 4 Bg5} 7. O-O-O cxd5 8. f4 Nf7 9. Bxf6 gxf6 {LiveBook: 4 Games} 10. Rxd5 (10. Nxd5 $5 {[%cal Re2c4]} e6 11. Qxe4 $11) 10... e6 (10... b6 {feels hotter.} 11. Nxe4 e6 12. Rd2 f5 13. Nf2 Bb7) 11. Qxe4 Be7 $146 ({Predecessor:} 11... Bh6 12. Rh5 Qe7 13. g3 f5 14. Qd4 {0-1 (48) Tuncer,U (2289)-Reinderman,D (2587) Germany 2011}) 12. Rd2 f5 13. Qf3 Bf6 14. Bb5 {Black should prevent Nge2.} a6 15. Ba4 Rb8 16. Nge2 b5 17. Bb3 $36 {[%mdl 2048] Hoping for Bxe6! White is pushing.} Bb7 (17... Qc7 $1 $11 {remains equal.}) 18. Qh5 (18. Qe3 $16) 18... Qc7 19. Rhd1 Rd8 $1 20. Kb1 O-O 21. Rd3 {aiming for Rh3.} Bg7 22. Qh4 b4 (22... Bxg2 $2 23. Rg3 $18) 23. Ng3 {Strongly threatening Nh5.} Nh8 {[%cal Bf7h8,Bh8g6,Bg6f4][%mdl 32] [#] White must now prevent ...Ng6.} (23... Bxg2 $2 24. Nh5 $18) 24. Qe7 (24. Nxf5 $1 $16 {[%mdl 512]} Ng6 (24... Rxf5 25. Bxe6+) 25. Ne7+ Nxe7 26. Qxe7 {[%mdl 64] Double Attack} Qxf4 27. Rxd7 Rxd7 28. Rxd7 (28. Bxe6+ Kh8 $16)) 24... Ng6 $1 $11 {[%cal Rg6e7] [#]} 25. Qxb4 (25. Bxe6+ $1 $11 {[%mdl 512]} Kh8 (25... dxe6 26. Qxc7) 26. Qxb4 (26. Rxd7 Qxd7 27. Qxd7 Rxd7 $17)) 25... Nxf4 $15 {[%mdl 64] Double Attack} 26. R3d2 Bxc3 27. bxc3 Nd5 ({But not} 27... Bxg2 $6 28. Rg1 $11) 28. Rxd5 Bxd5 29. Rxd5 exd5 30. Qd4 $1 Rb8 (30... Rf7 $1 $15 31. Qxd5 Rdf8) 31. Nh5 {[%csl Gh5][%cal Rd4g7]} Rf7 {Threatens to win with ...Qc6.} 32. Nf6+ $1 {[#]} Rxf6 $1 33. Qxf6 {[%mdl 4096] Endgame KQR-KQB} Qc6 34. Qe5 Rb6 35. Qxf5 Qxc3 (35... Qe6 $15 36. Qf4 h6) 36. Qxd5+ $11 Kg7 37. Qg5+ Rg6 38. Qe7+ {[%mdl 64] Double Attack} Kh6 39. Qf8+ Rg7 40. Qf4+ Kg6 41. h4 {[%csl Gh4][%cal Rf4g5]} Qa5 $2 {[%mdl 8192] [#]} (41... Qc5 $11) 42. c3 $1 $18 {White has a decisive advantage.} Qb5 43. Kc1 {And now g4 would win.} Re7 44. Qd6+ Re6 45. Bxe6 dxe6 46. Qxe6+ Kg7 47. Qe7+ {Accuracy: White = 49%, Black = 54%.} 1-0

[Event "94th Tradewise Hastings Congress"]
[Site "Hastings"]
[Date "2018.12.31"]
[Round "4"]
[White "Lalic, Bogdan"]
[Black "Taylor, Adam C"]
[Result "1-0"]
[WhiteElo "2420"]
[BlackElo "2331"]
[Annotator "RC"]
[PlyCount "51"]
[EventDate "2018.12.28"]
[EventType "swiss"]
[EventCountry "ENG"]
[SourceTitle "playchess.com"]
[Source "ChessBase"]
[SourceQuality "1"]
[TimeControl "40/6000+30:3000+30"]

1. d4 {[%emt 0:07:31]} Nf6 {[%emt 0:00:00]} 2. c4 {[%emt 0:00:23]} e6 {[%emt 0:00:00]} 3. Nf3 {[%emt 0:00:07]} d5 {[%emt 0:00:00]} 4. Nc3 {[%emt 0:00:07]} Be7 {[%emt 0:00:00]} 5. Bg5 {[%emt 0:00:31]} h6 {[%emt 0:00:12]} 6. Bxf6 {[%emt 0:00:11]} Bxf6 {[%emt 0:00:05]} 7. Qb3 {[%emt 0:00:45]} dxc4 {[%emt 0:06:49]} 8. Qxc4 {[%emt 0:00:09]} O-O {[%emt 0:00:24]} 9. e4 {[%emt 0:00:21]} b6 {[%emt 0:02:27]} 10. O-O-O {[%emt 0:01:16]} Ba6 {[%emt 0:08:35]} 11. Qa4 {[%emt 0:01:28]} Bxf1 {[%emt 0:01:10]} 12. Rhxf1 {[%emt 0:00:06]} Qd7 {[%emt 0:00:05]} 13. Qxd7 {[%emt 0:03:03]} Nxd7 {[%emt 0:00:05]} 14. e5 {[%emt 0:00:06]} Be7 {[%emt 0:03:01]} 15. d5 {[%emt 0:00:09]} Nc5 {[%emt 0:02:24]} 16. Nd4 {[%emt 0:01:03]} Rfe8 {[%emt 0:14:24]} 17. Nc6 {[%emt 0:00:32]} f6 {[%emt 0:16:32]} 18. d6 {[%emt 0:10:10]} cxd6 {[%emt 0:01:57]} 19. exd6 {[%emt 0:00:05]} Bd8 {[%emt 0:00:07]} 20. d7 {[%emt 0:00:08]} Rf8 {[%emt 0:00:07]} 21. b4 {[%emt 0:00:27]} Na6 {[%emt 0:01:31]} 22. Nb5 {[%emt 0:02:13]} Nc7 {[%emt 0:00:06]} 23. Nxd8 {[%emt 0:00:36]} Nxb5 {[%emt 0:02:25]} 24. Nxe6 {[%emt 0:00:08]} Rfd8 {[%emt 0:00:15]} 25. Kb2 {[%emt 0:00:36]} Kf7 {[%emt 0:00:26]} 26. Rfe1 {[%emt 0:00:13]} 1-0

[Event "94th Tradewise Hastings Congress"]
[Site "Hastings"]
[Date "2018.12.31"]
[Round "4"]
[White "Cherniaev, Alexander"]
[Black "Derakhshani, Borna"]
[Result "1-0"]
[WhiteElo "2393"]
[BlackElo "2325"]
[Annotator "TA"]
[PlyCount "77"]
[EventDate "2018.12.28"]
[EventType "swiss"]
[EventCountry "ENG"]
[SourceTitle "playchess.com"]
[Source "ChessBase"]
[SourceQuality "1"]

{[%evp 9,77,45,69,67,72,78,120,124,102,121,120,110,165,160,157,158,153,163,260,258,372,236,352,348,333,148,157,142,225,225,223,227,212,218,254,175,175,177,187,183,190,182,187,188,191,169,182,175,204,185,366,371,343,348,481,481,474,473,560,556,684,669,692,681,821,823,817,800,933,902]} 1. Nf3 Nf6 2. c4 g6 3. Nc3 d5 4. Qa4+ (4. cxd5 Nxd5 5. e4 Nxc3 6. dxc3 Qxd1+ 7. Kxd1 f6 8. Be3 e5 9. Nd2 Nd7 10. Nb3 h5 11. f3 Nb6 12. Kc2 Bd7 13. Nc5 Bc6 14. b3 Bh6 15. Bxh6 Rxh6 16. a4 Ke7 17. Bb5 {½-½ (38) So,W (2778)-Aronian,L (2764) Leuven 2018}) 4... c6 5. cxd5 b5 $146 ({Predecessor:} 5... Nxd5 6. Qd4 f6 7. e4 e5 8. Nxe5 Nxc3 9. Qxc3 Qe7 10. Nf3 Qxe4+ 11. Kd1 Bb4 12. Qxf6 Rf8 13. Qe5+ Qxe5 14. Nxe5 Bc5 15. f3 Nd7 16. Nxd7 Bxd7 {1-0 (49) Fridman,D (2642)-Bulski,K (2532) Germany 2015}) 6. Qd4 {A16: English Opening: 1...Nf6 with ...d5} cxd5 7. e4 (7. Nxb5 a6 $11) 7... Nc6 8. Bxb5 {White is better.} Bd7 9. Bxc6 Bxc6 10. Ne5 Bb7 (10... Bd7 $16 {is a better defense.}) 11. Qa4+ $18 Nd7 12. exd5 Bg7 13. d4 f6 (13... Bxe5 $142 14. dxe5 O-O) 14. Nc6 {[%mdl 64] Double Attack} Qc7 (14... Bxc6 {was called for.} 15. dxc6 Nb6) 15. O-O {Strongly threatening Nb5.} O-O (15... Nb6 $142 16. Qb5 O-O) 16. Nxe7+ Kh8 17. Nc6 (17. Nb5 $18 {has better winning chances.} Qd8 18. Nc6 {[%mdl 64] Double Attack}) 17... Nb6 $16 18. Qa5 Nxd5 (18... f5 $16 {might work better.} 19. Rd1 (19. Nb5 Qd7 $16) 19... Nxd5) 19. Qxc7 $18 ({Much less strong is} 19. Nxd5 $6 Qxa5 20. Nxa5 Bxd5 $16) ({Don't take} 19. Qxd5 $6 f5 $16) 19... Nxc7 {[#]} 20. Na5 $1 {[%cal Ra5b7]} Ba6 21. Rd1 Rad8 22. Be3 Nd5 23. Nc6 Nxe3 24. fxe3 Rd7 25. Nb4 Bb7 26. Nd3 Bh6 27. Kf2 Re7 28. Re1 Rfe8 {[%cal Rh6e3]} 29. Nc5 Bxe3+ $2 {[#]} (29... f5) 30. Rxe3 $1 {[%mdl 512]} Rxe3 31. Nxb7 R3e7 32. Nc5 {White is clearly winning.} Rb8 33. b3 {[%cal Bb2b3,Bb3b4][%mdl 32]} Rd8 34. Rd1 f5 35. d5 {[%cal Bd4d5,Bd5d6,Bd6d7][%mdl 32]} Re5 36. b4 Kg8 37. d6 Kf7 38. d7 Ke7 39. Nb5 {Accuracy: White = 77%, Black = 40%.} 1-0

[Event "94th Tradewise Hastings Congress"]
[Site "Hastings"]
[Date "2018.12.31"]
[Round "4"]
[White "Djuric, Stefan"]
[Black "Midhun, P U"]
[Result "1-0"]
[WhiteElo "2371"]
[BlackElo "2010"]
[Annotator "TA"]
[PlyCount "61"]
[EventDate "2018.12.28"]
[EventType "swiss"]
[EventCountry "ENG"]
[SourceTitle "playchess.com"]
[Source "ChessBase"]
[SourceQuality "1"]

{[%evp 14,61,25,27,33,17,29,31,44,43,32,31,55,54,89,67,121,115,95,105,196,190,292,287,289,267,260,131,195,118,120,122,122,122,122,129,128,130,124,125,132,135,191,172,197,194,210,201,438,472]} 1. d4 Nf6 2. c4 e6 3. Nf3 d5 4. e3 Be7 5. Bd3 O-O 6. O-O c6 7. Nbd2 Nbd7 8. Qe2 {LiveBook: 12 Games. D30: Queen's Gambit Declined: Systems without Nc3} (8. b3 b6 9. Bb2 Bb7 10. Rc1 Rc8 11. Qe2 c5 12. cxd5 Nxd5 13. Rfd1 cxd4 14. Nxd4 Rxc1 15. Rxc1 Nc5 16. Bb1 Bf6 17. Ne4 Nxe4 18. Bxe4 {1-0 (28) Buhmann,R (2612)-Mista,A (2589) Germany 2016}) 8... Re8 9. e4 dxe4 10. Nxe4 {White has an edge.} Nxe4 11. Bxe4 c5 12. dxc5 $146 ({Predecessor:} 12. Rd1 Qc7 13. Ne5 cxd4 14. Bxh7+ Kxh7 15. Qh5+ Kg8 16. Qxf7+ Kh7 17. Qh5+ Kg8 18. Qxe8+ {1-0 (18) Schwarz,A (1978)-Niefanger,F (1630) Troisdorf 2009}) 12... Nxc5 13. Bc2 Bf6 14. Ne5 g6 (14... Nd7 $14 15. Ng4 Qe7) 15. Rd1 $16 Qe7 16. Bf4 Nd7 (16... Bg7 $16) 17. Ba4 $18 Rd8 (17... Nxe5 {might work better.} 18. Bxe8 (18. Bxe5 Rd8 $16) 18... Nxc4) 18. Ng4 {aiming for Bd6.} e5 19. Nxf6+ Qxf6 {[#]} 20. Bg3 ({White has to play} 20. Bh6 $1 $18) 20... Nc5 (20... Qe7 $16 21. Qd2 Rf8) 21. Qxe5 (21. Bxe5 $18 Rxd1+ 22. Bxd1) 21... Rxd1+ $16 22. Bxd1 Qxe5 23. Bxe5 Bf5 24. Bf3 Re8 25. Bd4 b6 26. h3 Be4 27. Re1 {[#] Hoping for Bxc5.} Bc6 (27... Re6 $16) 28. Rxe8+ $18 Bxe8 29. b4 {[%cal Bb2b4,Bb4b5][%mdl 32]} Ne6 30. Be5 Nd8 $2 (30... Bd7 31. Bd5 h5) 31. b5 {Accuracy: White = 81%, Black = 34%.} 1-0

[Event "94th Tradewise Hastings Congress"]
[Site "Hastings"]
[Date "2018.12.31"]
[Round "4"]
[White "Sarkar, Justin"]
[Black "Sugden, John N"]
[Result "1-0"]
[WhiteElo "2332"]
[BlackElo "2072"]
[Annotator "TA"]
[PlyCount "55"]
[EventDate "2018.12.28"]
[EventType "swiss"]
[EventCountry "ENG"]
[SourceTitle "playchess.com"]
[Source "ChessBase"]
[SourceQuality "1"]

{[%evp 20,55,8,1,27,18,20,11,29,29,11,15,18,16,28,21,46,8,63,63,54,50,147,147,148,145,141,138,149,145,154,155,180,173,244,245,323,327]} 1. d4 Nf6 {[%cal Bg8f6,Bf6e4,Be4d2][%mdl 32]} 2. c4 e6 3. Nc3 Bb4 4. Qb3 c5 5. dxc5 Nc6 6. Nf3 Ne4 7. Bd2 Nxd2 8. Nxd2 Bxc5 9. g3 {E23: Nimzo-Indian: 4 Qb3 c5 5 dxc5 Nc6} b6 10. Bg2 Bb7 11. O-O {LiveBook: 5 Games. The position is equal.} Na5 12. Qc2 Bxg2 13. Kxg2 O-O 14. Rac1 Rc8 15. Qd3 {[#]} Qc7 $146 ({Predecessor:} 15... Be7 16. Rfd1 Qc7 {½-½ (57) Ehlvest,J (2532)-Huebner,R (2574) Puhajarve 2016}) 16. Nde4 Qc6 {[#] ...f5 is the strong threat.} 17. f3 a6 18. Rfd1 Rfd8 ({Black should play} 18... Bb4 $11) 19. Nxc5 $14 bxc5 20. Ne4 d5 (20... h6 $14) 21. cxd5 $16 Rxd5 {[#]} 22. Rxc5 $1 $40 {[%mdl 128] White is out for blood.} Rxd3 23. Rxc6 Rxc6 24. Rxd3 {[%cal Rd3d8] KRN-KRN} Kf8 25. b4 Nc4 26. Rc3 {Black must now prevent Nc5.} Ne5 (26... Ke7 $142 27. g4 f5) 27. Rc5 $18 f6 28. f4 {Accuracy: White = 97%, Black = 38%.} 1-0

[Event "94th Tradewise Hastings Congress"]
[Site "Hastings"]
[Date "2018.12.31"]
[Round "4"]
[White "Murphy, Conor E"]
[Black "Gormally, Daniel W"]
[Result "0-1"]
[WhiteElo "2331"]
[BlackElo "2478"]
[Annotator "TA"]
[PlyCount "86"]
[EventDate "2018.12.28"]
[EventType "swiss"]
[EventCountry "ENG"]
[SourceTitle "playchess.com"]
[Source "ChessBase"]
[SourceQuality "1"]

{[%evp 25,85,35,66,-60,-58,-50,-62,-63,-63,-65,-46,-64,-64,-56,-60,-37,-52,-38,-41,-56,-33,-11,0,-127,0,0,0,0,0,-377,-360,-381,-337,-389,-262,-352,-351,-400,-398,-787,-811,-786,-759,-711,-677,-29973,-29976,-29976,-29974,-29990,-29991,-29991,-29992,-29992,-29987,-29987,-29988,-29988,-29989,-29989,-29990,-29999]} 1. e4 c5 2. Nf3 d6 3. d4 cxd4 4. Nxd4 Nf6 5. Nc3 a6 6. f3 e6 7. Be3 Be7 8. Qd2 Nc6 9. O-O-O O-O 10. g4 Nxd4 11. Bxd4 b5 12. g5 Nd7 13. h4 Bb7 {LiveBook: 74 Games} 14. g6 {B80: Sicilian Scheveningen: 6 g3 and 6 Be3, including English Attack} (14. a3 $14) (14. Bd3 b4 15. Ne2 a5 16. Kb1 Ne5 17. f4 Nf3 18. Qe3 Nxd4 19. Nxd4 Qb6 20. Nf5 Qxe3 21. Nxe3 Rac8 {½-½ (58) Tiviakov,S (2656)-Van Kampen,R (2636) Amsterdam 2014}) 14... fxg6 $15 ({Don't play} 14... hxg6 $6 15. h5 $11) 15. Bh3 {Hoping for h5.} e5 16. Bxd7 $146 {Threatens to win with Be6+.Black is slightly better.} ({Predecessor:} 16. Be3 Nf6 17. Be6+ Kh8 18. Qg2 Qe8 19. h5 Nxh5 20. Rdg1 Bd8 21. Qg4 Rf6 {0-1 (62) Sanz Velez,A (2171)-Santamaria Perez,T (2275) ICCF email 2005}) 16... exd4 17. Be6+ Kh8 18. Qxd4 Rxf3 19. h5 gxh5 20. Rxh5 Bg5+ 21. Kb1 h6 $36 {[%mdl 2048] Black has the initiative.} 22. Nd5 {And now Rdh1 would win.} Bc8 $1 {[%cal Rc8e6]} 23. Bxc8 Rxc8 24. b3 (24. Qg1 $1 $11 {remains equal.}) 24... Qe8 (24... Qf8 $17) 25. Rxg5 $1 $11 hxg5 26. Rh1+ Kg8 {[#] Strongly threatening ...Qf7.} 27. Qa7 $2 {[%mdl 8192]} (27. e5 $1 $11 {[%mdl 512] and White is okay.} Qe6 (27... dxe5 28. Qg4) 28. Qe4) 27... Rf7 $19 28. Qe3 {Black must now prevent Qh3.} Qe6 29. Qxg5 Rcf8 30. Ne3 Qxe4 31. Qh5 {[%csl Gh1][%cal Rh5h8]} Rf3 32. Qh8+ $2 (32. Nd1) 32... Kf7 33. Qh5+ g6 34. Qh7+ Ke8 35. Rh4 Qxe3 {Black mates.} 36. Qxg6+ Kd7 37. Re4 Rf1+ 38. Kb2 Qc1+ 39. Kc3 R8f3+ 40. Kb4 Qd2+ 41. Ka3 Qa5+ 42. Kb2 {[#]} Rxb3+ $1 43. axb3 Qa1# {Accuracy: White = 27%, Black = 89%.} 0-1

[Event "94th Tradewise Hastings Congress"]
[Site "Hastings"]
[Date "2018.12.31"]
[Round "4"]
[White "Lyell, Mark"]
[Black "Petrov, Vladimir Sergeev"]
[Result "0-1"]
[WhiteElo "2317"]
[BlackElo "2365"]
[Annotator "TA"]
[PlyCount "116"]
[EventDate "2018.12.28"]
[EventType "swiss"]
[EventCountry "ENG"]
[SourceTitle "playchess.com"]
[Source "ChessBase"]
[SourceQuality "1"]

{[%evp 16,116,-22,-19,-10,-9,-16,-23,-16,-18,-6,-7,0,-25,-35,-28,-28,-25,-43,-57,-49,-47,-44,-149,-129,-108,-37,-39,0,-56,-56,-56,-56,-56,-56,-56,-56,-77,-77,-82,-77,-88,-52,-77,-50,-50,-52,-79,-50,-64,-34,-50,-50,-50,-39,-42,-38,-79,-71,-97,-94,-101,-85,-117,-117,-102,-29,-54,0,-8,-8,-8,0,0,0,0,0,0,0,0,0,0,0,0,0,0,0,0,0,0,0,0,0,0,0,0,0,0,0,0,0,-29978,-29979]} 1. e4 c5 2. Nc3 d6 3. f4 g6 4. Nf3 Bg7 5. Bb5+ Bd7 6. Bc4 {B23: Closed Sicilian: Lines without g3} Nc6 7. O-O e6 8. d3 (8. f5 Ne5 9. fxe6 fxe6 10. d3 Qe7 11. Bg5 Nf6 12. Nxe5 dxe5 13. Qf3 O-O 14. Qh3 Qd6 {1-0 (61) Adhiban,B (2673)-Nguyen,N (2666) Hamedan 2018}) 8... Nge7 9. f5 {LiveBook: 16 Games} O-O 10. Qe1 gxf5 11. Bg5 f6 12. Bf4 $1 {[%cal Rf4d6]} fxe4 13. dxe4 Na5 14. Be2 e5 $36 {[%mdl 2048] Black is pushing.} 15. Be3 $146 Nac6 16. Bc4+ Kh8 17. Nb5 Qb8 18. Rd1 Nd4 $1 19. Bxd4 (19. Nbxd4 $15 cxd4 20. Bd2) 19... cxd4 20. Qb4 {[#]} Bxb5 ({Black should play} 20... Nc8 $1 $17 21. c3 a6) 21. Qxb5 $15 Qc7 22. Nh4 (22. c3 $1 $11) 22... Qc6 23. Nf5 Nxf5 24. Qxc6 bxc6 25. Rxf5 Rab8 26. Bb3 Bh6 27. Kf2 Kg7 28. Ke2 Kg6 29. h4 Bf4 30. g3 Be3 31. Rdf1 Rb7 32. Kd3 Rb5 33. g4 h6 $1 34. c3 Bf4 35. cxd4 Rb4 36. h5+ Kg7 37. R1xf4 exf4 $17 {[%mdl 4096] Endgame KRR-KRB} 38. Ra5 Rb7 39. Ke2 Re8 40. Kf3 Rbe7 ({Better is} 40... Ree7 $17 41. Ra4 Rb5) 41. Ba4 $11 Rxe4 (41... Rc8 $15) 42. Rxa7+ R8e7 43. Rxe7+ Rxe7 44. Bxc6 {KR-KB} Re3+ 45. Kxf4 Re2 46. b4 Rxa2 47. Kf5 Rb2 $1 {[%cal Rb2b4]} 48. b5 {Black must now prevent Ke6.} Kf7 49. Bd5+ Ke7 50. Bc6 Rb4 51. Ke4 Ke6 52. Bd5+ $1 Kd7 53. Bc6+ Ke7 54. Kd5 Rb1 55. Ke4 Ke6 {Strongly threatening ...Re1+.} 56. Bd5+ Kd7 57. Bc6+ Kc7 58. Be8 $2 {[%mdl 8192] [#]} (58. Kf5 $11) 58... Re1+ {Accuracy: White = 50%, Black = 58%.} 0-1